Estrategia Nacional de Seguridad Pública. Súmate por un Chile más seguro. Estrategia nacional de seguridad pública 2006-2010 versión 2008

Salvato in:
Dettagli Bibliografici
Enti autori: Ministerio del Interior (Autore), Gobierno de Chile (Autore)
Natura: Libro
Lingua:spagnolo
Pubblicazione: Santiago Ministerio del Interior, Gobierno de Chile 2008
Edizione:1a. ed
Soggetti:
Tags: Aggiungi Tag
Nessun Tag, puoi essere il primo ad aggiungerne!!

MARC

LEADER 00000nam a2200000 a 4500
001 UCG4293
003 CL-VaPUC
008 101021e20080700CL |||||||||||||||||spa|d
082 0 4 |a 363.1  |b MIN  |2 21 
110 2 |a Ministerio del Interior  |e author  |9 553656 
710 2 |a Gobierno de Chile  |e author  |9 553657 
245 1 0 |a Estrategia Nacional de Seguridad Pública. Súmate por un Chile más seguro. Estrategia nacional de seguridad pública 2006-2010 versión 2008 
250 |a 1a. ed 
300 |a 54 p 
942 |c BK 
945 |d 20101021 00:00:00  |a mfarfan 
260 |a Santiago  |b Ministerio del Interior, Gobierno de Chile  |c 2008 
500 |a Incluye CD 
650 0 |a Seguridad pública   |9 403833 
650 0 |a Planificación estratégica   |9 259735 
651 7 |a CHILE  |2 CL-VaPUC  |9 553658 
583 |a last modification  |c 20101021 00:00:00  |k Rodrigo Vera 
999 |c 343110  |d 343108 
952 |0 0  |1 0  |4 0  |6 363_100000000000000_MIN_2008  |7 0  |8 A  |9 440116  |a BIBGIM  |b BIBGIM  |d 2019-11-22  |i 4725808  |o 363.1 MIN 2008  |p 4725808  |r 2025-01-15  |w 2019-11-22  |y BK  |k GIM